Normal view
MARC view
- Afsanay
Entry Topical Term
001 - CONTROL NUMBER
- control field: 123823
003 - CONTROL NUMBER IDENTIFIER
- control field: NUST
005 - DATE AND TIME OF LATEST TRANSACTION
- control field: 20240626162935.0
008 - FIXED-LENGTH DATA ELEMENTS
- fixed length control field: 240626|| aca||aabn | a|a d
040 ## - CATALOGING SOURCE
- Original cataloging agency: NUST
- Transcribing agency: NUST
150 ## - HEADING--TOPICAL TERM
- Topical term or geographic name entry element: Afsanay
- Topical term or geographic name entry element: urdu novel
670 ## - SOURCE DATA FOUND
- Source citation: Work cat.: (NUST): Manto, Saadat Hassan , Manto kay 100 afsanay/ part-1, 2005.
